000 01547cam a22004454i 4500
003 PE-LiUPU
005 20250731173358.0
008 150706s r 000 0 d
035 _a(Sirsi) a49151
040 _aPE-LiUPU
_bspa
_cPE-LiUPU
_erda
049 _aPRUA
082 0 4 _a248.24
_bS21
_221
100 1 _aAgustín, Santo,
_d354-430,
_eautor.
245 1 0 _aObras de San Agustín.
264 1 _aMiami :
_bObras Maestras,
_c
300 _a440 páginas ;
_c19 cm.
336 _atext
_2rdacontent
337 _aunmediated
_2rdamedia
338 _avolume
_2rdacarrier
505 0 _aPrológo -- Libro Primero -- Libro Segundo -- Libro Tercero -- Libro Cuarto -- Libro Quinto -- Libro Sexto -- Libro Séptimo -- Libro Octavo -- Libro Noveno -- Libro Décimo -- Libro Undécimo -- Libro Duodécimo -- Libro Décimotercio.
526 _aSEG42
526 _aSEG41
526 _aSEG40
526 _aSEG39
526 _aP94
526 _aP87
526 _aP86
526 _aP85
526 _aP77
526 _aP76
526 _aP35
600 1 _aAgustín, SantoObispo de Hipona
910 _cjck
942 _2ddc
_cBOOK
949 _a248.24 S21
_wDEWEY
_c1
_i04531
_lCCODEBUL1
_mBUL
_p00.00
_r0
_sY
_tLIBRO
_u2015-07-06
_xBIBLIOTECA
_zUNKNOWN
_o.STAFF. Colección General
994 _aC0
_bPEPRU
596 _a1
999 _a248.24 S21
_wDEWEY
_c51468
_i04531
_f2021-11-11
_g5
_lCCODEBUL1
_mBUL
_r0
_sY
_tBOOK
_u2015-7-6
_xTEOLOGIA
_zUNKNOWN
_0COMPRA
_o.STAFF. Colección General
_d51468
980 _81
_gALBERTO SANCHEZ Responsable de Automatización